Recidivujúci herpes rohovky po očkovaní vakcinou A podľa Ponndorfa

Bibliographic Details
Main Author: Pajtáš, Jozef, 1900-1960 (Author)
Format: Article
Language:Slovak

MARC

LEADER 00000nab a2200000ua 4500
001 vtls010773733
003 SK-MaSNL
005 20260303123403.0
008 230214s1935 xo |||||||||||||||||slo|
035 |a (urnnbn)urn:nbn:sk:snk:ar-a03mcf 
035 |a (uuid)033b0dd7-50e0-4e98-af0f-610709e098ff 
035 |a urn:nbn:sk:snk-ab5ddb 
040 |a SNKBUCL  |b slo  |c SNKBUCL  |e AACR2 
041 0 |a slo 
044 |a xo  |c SK 
100 1 |a Pajtáš, Jozef,  |d 1900-1960  |4 aut  |9 167897 
245 1 0 |a Recidivujúci herpes rohovky po očkovaní vakcinou A podľa Ponndorfa  |c Jožo Pajtáš 
773 0 |t Bratislavské lekárske listy  |g Roč. 15, č. 9 (1935), s. 1048-1053 
954 |a odborná, vedecká literatúra pôvodná (slovenská)  |2 lita 
958 |a OND 
958 |a EUIPO 
958 |a article3 
999 |c 1925573  |d 1927503